El Yacimiento hallstattico de Cortes de Navarra : estudio crítico I / Juan Maluquer de Motes estudio crítico I / Juan Maluquer de Motes
Descripción Física:
150 p. , [5] graf. despleg., LIII làm. ; 28 cm
MARC
| LEADER | 00000nam a2200000Ia 4500 | ||
|---|---|---|---|
| 001 | 17345 | ||
| 008 | 160829s1954 xx 000 0 cat d | ||
| 080 | |a H-2-327 | ||
| 100 | 1 | |a Maluquer de Motes, Joan, |d 1915-1988 |9 30020 | |
| 245 | |a El Yacimiento hallstattico de Cortes de Navarra : |b estudio crítico I / Juan Maluquer de Motes | ||
| 260 | |a Pamplona : |b Diputación Foral de Navarra [etc.], |c 1954 | ||
| 300 | |a 150 p. , [5] graf. despleg., LIII làm. ; |c 28 cm | ||
| 590 | |a Prové de R-168. | ||
| 650 | |a Cortes de Navarra (Cerro de la Cruz, Navarra : Jaciment arqueològic) |9 46628 | ||
| 650 | |a Navarra |x Arqueologia |9 46629 | ||
| 901 | |a Arxiu | ||
| 942 | |n 1 | ||
| 952 | |0 0 |1 0 |4 0 |6 H2327 |7 1 |9 53336 |a Arxiu |b Arxiu |d 2016-12-01 |l 0 |o H-2-327 |p 17345 |r 2016-12-01 00:00:00 |w 2016-12-01 |y ARXIU | ||
| 999 | |c 57201 |d 57201 | ||